[Event "La Paz op"]
[Site "La Paz"]
[Date "2022.09.15"]
[Round "2"]
[White "Espinoza Romero, Andres"]
[Black "Aguilar Flores, Fidel"]
[Result "1/2-1/2"]
[WhiteElo "1610"]
[BlackElo "1854"]
[PlyCount "78"]
[EventDate "2022.09.15"]
[EventType "swiss"]
[EventRounds "7"]
[EventCountry "BOL"]
[SourceTitle "EXT 2023"]
[Source "ChessBase"]
[SourceDate "2022.10.05"]
[SourceVersion "1"]
[SourceVersionDate "2022.10.05"]
[SourceQuality "1"]

1. e4 c5 2. c3 d5 3. exd5 Qxd5 4. d4 e5 5. dxe5 Qxe5+ 6. Be2 Nf6 7. Nf3 Qc7 8. 0-0 Be7 9. Re1 0-0 10. Qc2 Bg4 11. Nbd2 Nc6 12. Nf1 Rad8 13. Bg5 Bh5 14. Rad1 Bg6 15. Bd3 Rxd3 16. Rxd3 c4 17. Qa4 Bxd3 18. Ne3 Rb8 19. b4 b5 20. Qd1 a5 21. a3 Rd8 22. Qc1 h6 23. Bh4 Ne4 24. Nf5 Bxh4 25. N3xh4 Qa7 26. Qf4 Nxf2 27. Qxf2 Qxf2+ 28. Kxf2 axb4 29. axb4 g5 30. Nxh6+ Kg7 31. N4f5+ Kg6 32. g4 Rh8 33. Ra1 f6 34. Ra3 Ne5 35. Kg3 Rd8 36. Ra7 Rd7 37. Rxd7 Nxd7 38. Ng8 Nb6 39. Nge7+ Kf7 1/2-1/2

[Event "La Paz Primera Categoria Adalp"]
[Site "La Paz"]
[Date "2017.02.03"]
[Round "7.14"]
[White "Espinoza Romero, Andres"]
[Black "Zurita Machicado, Camilo"]
[Result "1-0"]
[WhiteElo "1223"]
[BlackElo "1423"]
[PlyCount "105"]
[EventDate "2017.01.26"]
[EventType "swiss"]
[EventRounds "7"]
[EventCountry "BOL"]
[SourceTitle "EXT 2024"]
[Source "ChessBase"]
[SourceDate "2023.10.10"]
[SourceVersion "1"]
[SourceVersionDate "2023.10.10"]
[SourceQuality "1"]

1. e4 c5 2. Nc3 d6 3. f4 Nc6 4. Nf3 Bg4 5. Bb5 g6 6. Bxc6+ bxc6 7. 0-0 Bg7 8. d3 Bd4+ 9. Kh1 Bg7 10. Be3 Nf6 11. h3 Bd7 12. e5 dxe5 13. Nxe5 0-0 14. Bxc5 Nh5 15. Qe1 Re8 16. Nxd7 Qxd7 17. Kh2 Bh6 18. Ne2 Qd5 19. Qb4 Rab8 20. Qd4 Bg7 21. Qxd5 cxd5 22. g4 Nf6 23. Rab1 Rb7 24. b4 Reb8 25. Rb3 e6 26. Rfb1 Nd7 27. Bd4 f6 28. a4 e5 29. fxe5 fxe5 30. Bf2 Rf8 31. Kg2 e4 32. dxe4 dxe4 33. c4 Rc8 34. c5 a6 35. Rc1 Rbc7 36. Rc4 Rb7 37. c6 Rbb8 38. b5 Nb6 39. Rxe4 Nxa4 40. Rxa4 axb5 41. Ra6 b4 42. Bg3 Rb5 43. Ra4 Rxc6 44. Raxb4 Rd5 45. Rb8+ Kf7 46. R3b7+ Kf6 47. h4 h6 48. Rb6 Rdc5 49. Bf2 Rc4 50. Rxc6+ Rxc6 51. Bd4+ Ke6 52. Bxg7 h5 53. Nd4+ 1-0